Flags With Crescents - Sudden Death - Statistics

General Stats
  • This quiz has been taken 1,949 times
  • The average score is 7 of 16
Answers on the Grid
Answers color-coded by a green-red scale on the quiz's grid according to % correct below.
Albania
Algeria
Armenia
Bahrain
Bangladesh
Bhutan
Brunei
Comoros
Croatia
Cyprus
Georgia
Iran
Israel
Kazakhstan
Lebanon
Malaysia
Maldives
Mauritania
Moldova
Mongolia
Nepal
North Korea
Oman
Pakistan
Philippines
Singapore
Spain
Sri Lanka
Tunisia
Turkey
Uzbekistan
Yemen
 
Answer Stats
Answer % Correct
Algeria
88%
Turkey
68%
Tunisia
64%
Pakistan
61%
Comoros
55%
Malaysia
53%
Singapore
51%
Maldives
50%
Mauritania
46%
Uzbekistan
46%
Brunei
26%
Iran
26%
Nepal
23%
Mongolia
16%
Croatia
11%
Moldova
7%
No matching quizzes found
Score Distribution
Percent of People with Each Score
Percentile by Number Answered
Your Score History
You have not taken this quiz